<?xml version="1.0" encoding="UTF-8"?>
<marc:record xmlns:marc="http://www.loc.gov/MARC21/slim">
   <marc:leader>00000nam a2200000 a 4500</marc:leader>
   <marc:datafield ind1="1" ind2=" " tag="100">
      <marc:subfield code="a">Reider, Katja</marc:subfield>
      <marc:subfield code="4">aut</marc:subfield>
      <marc:subfield code="e">Verfasser/-in</marc:subfield>
   </marc:datafield>
   <marc:datafield ind1="1" ind2=" " tag="100">
      <marc:subfield code="a">Paule, Irmgard</marc:subfield>
   </marc:datafield>
   <marc:datafield ind1=" " ind2=" " tag="653">
      <marc:subfield code="a">Bilderschrift</marc:subfield>
   </marc:datafield>
   <marc:datafield ind1="0" ind2="0" tag="245">
      <marc:subfield code="a">Geschichten vom Rennfahrer Mick</marc:subfield>
   </marc:datafield>
   <marc:datafield ind1="0" ind2="0" tag="245">
      <marc:subfield code="c">Katja Reider. Ill. von Irmgard Paule</marc:subfield>
   </marc:datafield>
   <marc:datafield ind1=" " ind2="1" tag="264">
      <marc:subfield code="a">Bindlach</marc:subfield>
      <marc:subfield code="b">Loewe</marc:subfield>
      <marc:subfield code="c">2011</marc:subfield>
   </marc:datafield>
   <marc:datafield ind1="1" ind2=" " tag="490">
      <marc:subfield code="a">Bildermaus</marc:subfield>
   </marc:datafield>
   <marc:datafield ind1="1" ind2=" " tag="520">
      <marc:subfield code="a">Geschichten zum Mitlesen. (ab 5) (JE) Rennfahrer Mick fährt sein erstes großes Rennen und ist schon sehr aufgeregt. Da klopft ihm der berühmte Rocky Rasant auf die Schultern und macht ihm Mut. Es läuft gut für Mick, er überholt einen Rennwagen nach dem anderen. Nun ist nur noch Karlo Karacho vor ihm, doch da gerät Micks Wagen ins Schleudern, ein Rad hat sich gelockert. Wie sich später herausstellt, hat Karlo Karacho Micks Wagen sabotiert. In der dritten Geschichte gibt Mick zu Hause einer Journalistin ein Interview. Doch leider kann er sie anschließend nicht mit dem Auto zum Bahnhof bringen, er hat nämlich keinen Führerschein. Die Geschichten vermitteln ein ziemlich unrealistisches Bild von Rennfahrern und sind daher inhaltlich nur mit Vorbehalt zu empfehlen. Formal ist das Buch für Leseanfänger ab 5 zum Mitlesen geeignet.</marc:subfield>
   </marc:datafield>
   <marc:datafield ind1=" " ind2=" " tag="020">
      <marc:subfield code="a">9783785571958</marc:subfield>
      <marc:subfield code="9">9783785571958</marc:subfield>
   </marc:datafield>
   <marc:datafield ind1=" " ind2=" " tag="020">
      <marc:subfield code="a">378557195X</marc:subfield>
      <marc:subfield code="9">378557195X</marc:subfield>
   </marc:datafield>
   <marc:datafield ind1=" " ind2=" " tag="300">
      <marc:subfield code="a">38 S. : zahlr. Ill. (farb.)</marc:subfield>
   </marc:datafield>
</marc:record>
